[Event "FRA-ch U16"]
[Site "Le Grand Bornand"]
[Date "2007.04.08"]
[Round "1"]
[White "Ollier, Pablo"]
[Black "Chanel, Virgile"]
[Result "1-0"]
[WhiteElo "2124"]
[BlackElo "1886"]
[PlyCount "107"]
[EventDate "2007.04.07"]
[EventType "swiss"]
[EventRounds "9"]
[EventCountry "FRA"]
[SourceTitle "CBM 118 Extra"]
[Source "ChessBase"]
[SourceDate "2007.07.04"]
[SourceVersion "1"]
[SourceVersionDate "2007.07.04"]
[SourceQuality "1"]

1. d4 Nf6 2. c4 g6 3. Nc3 Bg7 4. e4 d6 5. Nf3 Nbd7 6. Be2 e5 7. 0-0 0-0 8. Re1 Re8 9. Bf1 h6 10. Rb1 c6 11. b3 Qc7 12. Ba3 g5 13. h3 Nf8 14. dxe5 dxe5 15. Bd6 Qa5 16. b4 Qd8 17. c5 Ng6 18. Bc4 Be6 19. Qb3 Bxc4 20. Qxc4 Bf8 21. Bxf8 Kxf8 22. Nd1 g4 23. hxg4 Nxg4 24. Ne3 Nxe3 25. Rxe3 Qf6 26. Rd1 Rad8 27. Red3 Rxd3 28. Qxd3 Nf4 29. Qd6+ Qxd6 30. Rxd6 Ng6 31. Nd2 Ke7 32. Nc4 f6 33. Ne3 Nh4 34. Kf1 Rf8 35. g3 Nf3 36. Nf5+ Ke8 37. Re6+ Kd8 38. Re7 Nd2+ 39. Ke1 Nxe4 40. Rxb7 Kc8 41. Rxa7 Kb8 42. Rh7 Rd8 43. Ne7 Kb7 44. f3 Ng5 45. Rxh6 Nxf3+ 46. Kf2 Nd4 47. Rxf6 Ra8 48. Ke3 Nc2+ 49. Kd3 Nxb4+ 50. Kc4 Nxa2 51. Rxc6 Re8 52. Rb6+ Kc7 53. Nd5+ Kc8 54. Rb2 1-0